000 00487cam a2200145 4500500
005 20260322001440.0
041 _afre
042 _adc
100 1 0 _aBoulouque, Clémence
_eauthor
245 0 0 _aNous ne sommes pas seuls ici. Le point de vue d’Amos Oz
260 _c2008.
500 _a82
786 0 _nPhilosophie magazine | 17 | 3 | 2008-03-01 | p. 9-9 | 1951-1787
856 4 1 _uhttps://shs.cairn.info/magazine-philosophie-magazine-2008-3-page-9?lang=fr&redirect-ssocas=7080
999 _c1714872
_d1714872